Discursos (Record no. 168598)
[ view plain ]
| 000 -LEADER | |
|---|---|
| fixed length control field | 01337nam a22003377a 4500 |
| 005 - DATE AND TIME OF LATEST TRANSACTION | |
| control field | 20231208131103.0 |
| 008 - FIXED-LENGTH DATA ELEMENTS--GENERAL INFORMATION | |
| fixed length control field | 231010b sp|||||||| |||| 00| 0 spa d |
| 020 ## - INTERNATIONAL STANDARD BOOK NUMBER | |
| International Standard Book Number | 9788447377909 oc |
| 020 ## - INTERNATIONAL STANDARD BOOK NUMBER | |
| International Standard Book Number | 9788447384907 v.1 |
| 020 ## - INTERNATIONAL STANDARD BOOK NUMBER | |
| International Standard Book Number | 9788447384914 v.2 |
| 020 ## - INTERNATIONAL STANDARD BOOK NUMBER | |
| International Standard Book Number | 9788447384921 v.3 |
| 020 ## - INTERNATIONAL STANDARD BOOK NUMBER | |
| International Standard Book Number | 9788447384938 v.4 |
| 050 04 - LIBRARY OF CONGRESS CALL NUMBER | |
| Classification number | PA6315.C5 |
| Item number | C53 2016 |
| 100 1# - MAIN ENTRY--PERSONAL NAME | |
| Personal name | Cicerón |
| 245 10 - TITLE STATEMENT | |
| Title | Discursos |
| Remainder of title | / Cicerón ; introducción general de Antonio Fontán ; introducción, traducción y notas de José María Requejo Prieto |
| 250 ## - EDITION STATEMENT | |
| Edition statement | 1a ed. |
| 260 ## - PUBLICATION, DISTRIBUTION, ETC. (IMPRINT) | |
| Place of publication, distribution, etc | Madrid : |
| Name of publisher, distributor, etc | Gredos, |
| Date of publication, distribution, etc | 2016 |
| 300 ## - PHYSICAL DESCRIPTION | |
| Extent | v. ; |
| Dimensions | 24 cm. |
| 490 0# - SERIES STATEMENT | |
| Series statement | Biblioteca Clásica. |
| Volume number/sequential designation | 64,65 |
| 505 ## - FORMATTED CONTENTS NOTE | |
| Title | V.1 Verrinas: Discurso contra Q. Cecilio, primera sesión, segunda sesión, (Discursos I-II) |
| 505 ## - FORMATTED CONTENTS NOTE | |
| Title | V.2 Verrinas: Segunda Sesión (Discursos III-V) |
| 505 ## - FORMATTED CONTENTS NOTE | |
| Title | V.3 En defensa de Sexto Roscio Amerino,En defensa de la ley Manilia,En defensa de Aulo Cluencio - Catilinarias,En defensa de Lucio Murena |
| 505 ## - FORMATTED CONTENTS NOTE | |
| Title | V.4 Filípicas |
| 600 14 - SUBJECT ADDED ENTRY--PERSONAL NAME | |
| Personal name | Cicerón, Marco Tulio, |
| Dates associated with a name | 106-43 a.C. |
| General subdivision | Discursos |
| 650 #4 - SUBJECT ADDED ENTRY--TOPICAL TERM | |
| Topical term or geographic name as entry element | Oratoria romana |
| 650 #4 - SUBJECT ADDED ENTRY--TOPICAL TERM | |
| Topical term or geographic name as entry element | Literatura latina |
| 700 1# - ADDED ENTRY--PERSONAL NAME | |
| Personal name | Requejo Prieto, Jose Maria, |
| Dates associated with a name | 1943- |
| Relator term | traductor |
| 700 1# - ADDED ENTRY--PERSONAL NAME | |
| Personal name | Muñoz Jiménez,María José, |
| Relator term | traductor |
| 700 1# - ADDED ENTRY--PERSONAL NAME | |
| Personal name | Aspa Cereza,Jesús, |
| Relator term | traductor |
| 942 ## - ADDED ENTRY ELEMENTS (KOHA) | |
| Source of classification or shelving scheme | Biblioteca del Cogreso de los Estados Unidos |
| Koha item type | Libro |
| Estado de pérdida | Fuente de clasificación | Estado del daño | No para préstamo | Ubicación permanente | Ubicación actual | Apartado o colección | Fecha de adquisición | Fuente de adquisición | Edición | Dependencia de educación superior (DES) | Área del conocimiento | Total Checkouts | Clasificación | Código de Barras | Date last seen | Número de copia | Costo por reposición | Tipo de recurso |
|---|---|---|---|---|---|---|---|---|---|---|---|---|---|---|---|---|---|---|
| Biblioteca del Cogreso de los Estados Unidos | Biblioteca de la Facultad de Filosofía | Biblioteca de la Facultad de Filosofía | General | 10/10/2023 | Donación | 1a ed. | Humanidades | Educación y Humanidades | PA6315.C5 C53 2016 | BFF000040374 | 10/10/2023 | V.1 C:1 | 1.00 | Libro | ||||
| Biblioteca del Cogreso de los Estados Unidos | Biblioteca de la Facultad de Filosofía | Biblioteca de la Facultad de Filosofía | General | 10/10/2023 | Donación | 1a ed. | Humanidades | Educación y Humanidades | PA6315.C5 C53 2016 | BFF000040376 | 10/10/2023 | V.2 C:1 | 1.00 | Libro | ||||
| Biblioteca del Cogreso de los Estados Unidos | Biblioteca de la Facultad de Filosofía | Biblioteca de la Facultad de Filosofía | General | 10/10/2023 | Donación | 1a ed. | Humanidades | Educación y Humanidades | PA6315.C5 C53 2016 | BFF000040379 | 10/10/2023 | V.4 C:1 | 1.00 | Libro | ||||
| Biblioteca del Cogreso de los Estados Unidos | Biblioteca de la Facultad de Filosofía | Biblioteca de la Facultad de Filosofía | General | 10/10/2023 | Donación | 1a ed. | Humanidades | Educación y Humanidades | PA6315.C5 C53 2016 | BFF000040378 | 10/10/2023 | V.3 C:1 | 1.00 | Libro |